Are You Smarter Than a College Student? X Quiz Stats

 Plays Quiz Updated Jul 31, 2017

Support Sporcle.
Go Orange.
Score 0/30 Timer 07:00
5 Plays Today
% Correct
EasyCuba
95.6%
Easyyo-yo
94.6%
EasyJune
94.4%
Easyheel
94.1%
Easynoun
93.8%
Easyiron
93.5%
Easypeso
93.3%
EasyXbox
93%
EasyMars
91.3%
EasyJoey
90.4%
Mediumarea
85.8%
MediumGore
83.1%
Mediumquid
81.7%
MediumErie
78.1%
Mediumvein
75.4%
% Correct
MediumPelé
74.3%
MediumCher
73.5%
Mediumwiki
73.4%
MediumFiat
71.6%
HardKyiv
69.4%
MediumSeal
69%
Hardtalc
59.6%
HardBach
54.7%
HardLost
53.2%
HardZulu
52.5%
HardUtah
51.6%
HardOdin
50.3%
HardRuth
47.8%
HardDoom
39.4%
HardRush
38.6%

You're not logged in!

Compare scores with friends on all Sporcle quizzes.
OR
Log In
Forgot?

From the Vault

NFL 2013 Season Stat Leaders Week 12

by SporcleEXP

'We can't run. We can't pass. We can't stop the run. We can't stop the pass. We can't kick. Other than that, we're just not a very good football team right now.' -Bruce Coslet
Remove Ads.
Support Sporcle.
Get the best of Sporcle when you Go Orange. This ad-free experience offers more features, more stats, and more fun while also helping to support Sporcle. Thank you for becoming a member.

Show Comments

Extras

Top Quizzes Today


Score Distribution

Your Account Isn't Verified!

In order to create a playlist on Sporcle, you need to verify the email address you used during registration. Go to your Sporcle Settings to finish the process.

Report this User

Report this user for behavior that violates our Community Guidelines.

Details: